Bibliotheca Isiaca /

محفوظ في:

مؤلفون آخرون: Bricault, Laurent., Veymiers, Richard.

التنسيق: كتاب

اللغة: French
English
Italian

منشور في: Bordeaux : Ausonius, 2008-

الموضوعات:

الوسوم: إضافة وسم

لا توجد وسوم, كن أول من يضع وسما على هذه التسجيلة!

رقم الطلب: BL2450 .I7 B57 v.1-3

LEADER 00974namaa2200289 4500
003 OSt
005 20251006113444.0
008 211024c20089999fr a 0 0fre
020 |a 9782910023997 (v.1) 
020 |a 9782356131218 (v.3) 
040 |c ARCE Library 
041 0 |a fre  |a eng  |a ita 
043 |a f-ua---  |a e-it--- 
050 4 |a BL2450 .I7 B57 v.1-3 
245 1 0 |a Bibliotheca Isiaca /   |c sous la direction de Laurent Bricault. 
264 1 |a Bordeaux :  |b Ausonius,  |c 2008- 
300 |a volumes :   |b illustrations ;   |c 30 cm. 
500 |a "Ouvrage publie avec le concours de l'Academie des Inscriptions et Belles-Lettres et du laboratoire HeRMA de l'Universite de Poitiers" 
546 |a Texts with contributions in French, Italian and Engish. 
600 0 0 |a Isis  |c (Egyptian deity) 
651 0 |a Egypt  |x Religion. 
651 0 |a Rome  |x Religion. 
700 1 |a Bricault, Laurent. 
700 1 |a Veymiers, Richard. 
901 |a reviewed 
942 |c BK  |2 lcc 
999 |c 2762  |d 2762